Представление документа в формате RUSMARC

ПолеНазваниеЗначение
  Тип записи a
  Библиографический уровень m
001 Контрольный номер RU/SLIB/B/208725728
005 Дата корректировки 20201206204004.7
010 Индекс ISBN __
d Цена 1-20
101 Язык документа __
a Язык текста rus
200 Заглавие и сведения об ответственности __
a Заглавие До последнего дыхания: Биография Карла Либкнехта
b Общее обозначение материала Текст
210 Выходные данные __
a Место издания М.
c Издательство Политиздат
d Дата издания 1980
215 Физическое описание __
a Объем 430 с.
c Иллюстрации/тип воспроизводства ил
600 Персоналии __
a Персоналии (Фамилия) Либкнехт К.
606 Тематические рубрики __
a Основная рубрика История
z Хронологическая подрубрика 1871-1919 гг.; 19 в.; 20 в. нач.
y Географическая подрубрика Германия
606 Тематические рубрики __
a Основная рубрика Европа в XVI в. - 1918 г.
606 Тематические рубрики __
a Основная рубрика Политика. Политология
606 Тематические рубрики __
a Основная рубрика Политические движения и партии зарубежных стран
610 Ключевые слова __
a Ключевые слова коммунистические партии; международное рабочее движение; политика; политические партии; революции
686 Индексы других классификаций __
a Классификационный индекс 63.3(4Гем)53-8
686 Индексы других классификаций __
a Классификационный индекс 66.69(Гем),2
700 Автор __
a Фамилия Вольгемут
b Имя Х.
4 Код отношения 070
801 Источник записи _0
a Страна RU
b Организация Муниципальное бюджетное учреждение культуры "Централизованная библиотечная система" г. Сургут (Центральная городская библиотека им. А. С. Пушкина)
g Правила каталогизации КиК/Лебедева
801 Источник записи _1
a Страна RU
b Организация Муниципальное бюджетное учреждение культуры "Централизованная библиотечная система" г. Сургут (Центральная городская библиотека им. А. С. Пушкина)
g Правила каталогизации КиК/Лебедева
852 Данные о местонахождении __
j Шифр хранения 63.3(4Гем)53-8
c Каталожный индекс 63.3(4Гем)-8; 66.69(Гем)
i Авторский знак В 71
p Инвентарный номер 3888
901 Тип документа __
t Тип документа m
990 Данные о заказе (DOS) __
j Количество экземпляров (DOS) 2